[Event "Francophonie-ch"]
[Site "Yamoussoukro CIV"]
[Date "2023.07.02"]
[Round "1.1"]
[White "Aikins, Dwamena Akenten"]
[Black "Rodrigue-Lemieux, Shawn"]
[Result "0-1"]
[WhiteElo "1635"]
[BlackElo "2495"]
[PlyCount "60"]
[EventDate "2023.07.02"]
[EventType "swiss"]
[EventRounds "9"]
[EventCountry "IVO"]
[Source "ChessMix"]
[SourceDate "2023.07.20"]

1. e4 a6 2. d4 e6 3. Nf3 b5 4. Bd3 Bb7 5. O-O c5 6. c4 bxc4 7. Bxc4 Bxe4 8. Nc3
Bxf3 9. Qxf3 Nc6 10. d5 Ne5 11. Qf4 Bd6 12. Ne4 Bb8 13. dxe6 fxe6 14. Nxc5 Qc7
15. Nxe6 dxe6 16. Bxe6 Nf3+ 17. gxf3 Qxf4 18. Bxf4 Bxf4 19. Rfe1 Kf8 20. Re4 g5
21. Rd1 Nf6 22. Rc4 Kg7 23. Rc6 Rhe8 24. Rd3 Re7 25. b3 h5 26. Rd4 Rae8 27. Bf5
Re5 28. Bd3 Re1+ 29. Kg2 Rd1 30. h4 Ree1 0-1

[Event "Francophonie-ch"]
[Site "Yamoussoukro CIV"]
[Date "2023.07.03"]
[Round "2.1"]
[White "Rodrigue-Lemieux, Shawn"]
[Black "Slami, Zoheir"]
[Result "1-0"]
[WhiteElo "2495"]
[BlackElo "1920"]
[PlyCount "69"]
[EventDate "2023.07.02"]
[EventType "swiss"]
[EventRounds "9"]
[EventCountry "IVO"]
[Source "ChessMix"]
[SourceDate "2023.07.20"]

1. d4 d5 2. c4 e6 3. Nf3 Nf6 4. g3 Be7 5. Bg2 O-O 6. O-O c6 7. Nbd2 Nbd7 8. Qc2
b6 9. e4 dxe4 10. Nxe4 Nxe4 11. Qxe4 Bb7 12. Rd1 Nf6 13. Qe2 Qc8 14. Bg5 h6 15.
Bf4 Re8 16. Bh3 Rd8 17. Ne5 Bd6 18. Rac1 Bxe5 19. Bxe5 Nd7 20. Bf4 Nf8 21. d5
Re8 22. Qh5 c5 23. Rd2 Re7 24. Re1 Qe8 25. Bd6 Rd7 26. Bxf8 Qxf8 27. Rde2 Re7
28. dxe6 fxe6 29. Bxe6+ Kh8 30. Bd5 Rxe2 31. Rxe2 Bxd5 32. cxd5 Rd8 33. Re6 c4
34. d6 Kh7 35. Qg6+ 1-0

[Event "Francophonie-ch"]
[Site "Yamoussoukro CIV"]
[Date "2023.07.04"]
[Round "3.1"]
[White "Mohamed Abderrahim, Taleb Mohamed"]
[Black "Rodrigue-Lemieux, Shawn"]
[Result "0-1"]
[WhiteElo "2126"]
[BlackElo "2495"]
[PlyCount "48"]
[EventDate "2023.07.02"]
[EventType "swiss"]
[EventRounds "9"]
[EventCountry "IVO"]
[Source "ChessMix"]
[SourceDate "2023.07.20"]

1. e4 c6 2. d4 d5 3. exd5 cxd5 4. Bd3 Nc6 5. c3 Qc7 6. h3 g6 7. Nf3 Bf5 8. O-O
Bxd3 9. Qxd3 Nh6 10. Re1 Nf5 11. Ne5 Bg7 12. Bf4 Nd6 13. Nd2 Rd8 14. b4 e6 15.
Nxc6 Qxc6 16. a4 O-O 17. b5 Qd7 18. Bxd6 Qxd6 19. Nb3 Rc8 20. a5 Rc4 21. b6
axb6 22. axb6 Qxb6 23. Na5 Rcc8 24. Reb1 Qc7 0-1

[Event "Francophonie-ch"]
[Site "Yamoussoukro CIV"]
[Date "2023.07.06"]
[Round "5.4"]
[White "Manan, Yoboue Hermann"]
[Black "Rodrigue-Lemieux, Shawn"]
[Result "0-1"]
[WhiteElo "2006"]
[BlackElo "2495"]
[PlyCount "76"]
[EventDate "2023.07.02"]
[EventType "swiss"]
[EventRounds "9"]
[EventCountry "IVO"]
[Source "ChessMix"]
[SourceDate "2023.07.20"]

1. e4 c5 2. Nf3 Nc6 3. Bb5 e6 4. O-O g5 5. Bxc6 bxc6 6. d4 g4 7. Ne5 cxd4 8.
Qxg4 Nf6 9. Qh4 Be7 10. Nd2 Ba6 11. Nd3 d6 12. f3 Nd5 13. Qf2 Ne3 14. Nb3 Nxf1
15. Nxd4 Nxh2 16. Kxh2 Qb6 17. Be3 c5 18. Nb3 Qc7 19. Nd2 Rg8 20. c4 Qd8 21. g3
h5 22. Nf4 h4 23. g4 Bf6 24. Rb1 Be5 25. Kh3 Bc8 26. Qxh4 Qxh4+ 27. Kxh4 f5 28.
Nh5 fxg4 29. fxg4 Bb7 30. g5 O-O-O 31. b3 Rdf8 32. Kg4 Bc6 33. Rh1 Rf7 34. Ng3
d5 35. Nf3 Bc7 36. e5 d4 37. Bf4 Rxf4+ 38. Kxf4 Rf8+ 0-1

[Event "Francophonie-ch"]
[Site "Yamoussoukro CIV"]
[Date "2023.07.08"]
[Round "6.3"]
[White "Rodrigue-Lemieux, Shawn"]
[Black "Filali, Razzouki Marouane"]
[Result "1-0"]
[WhiteElo "2495"]
[BlackElo "2214"]
[PlyCount "57"]
[EventDate "2023.07.02"]
[EventType "swiss"]
[EventRounds "9"]
[EventCountry "IVO"]
[Source "ChessMix"]
[SourceDate "2023.07.20"]

1. c4 Nf6 2. g3 e5 3. Bg2 Bc5 4. Nc3 a5 5. e3 O-O 6. Nge2 c6 7. O-O d6 8. d4
Bb6 9. h3 Re8 10. e4 Na6 11. Be3 exd4 12. Nxd4 Nc5 13. Qc2 Qc7 14. Rad1 Be6 15.
b3 Rad8 16. Rfe1 Bc8 17. a3 Ne6 18. Ndb5 cxb5 19. Nxb5 Qe7 20. Bxb6 Rd7 21.
Bxa5 Nc5 22. Bc3 b6 23. Nd4 Bb7 24. b4 Na6 25. Nf5 Qe6 26. e5 dxe5 27. Rxe5
Rxd1+ 28. Qxd1 Qxc4 29. Bxb7 1-0

[Event "Francophonie-ch"]
[Site "Yamoussoukro CIV"]
[Date "2023.07.10"]
[Round "7.1"]
[White "Rodrigue-Lemieux, Shawn"]
[Black "Sambuev, Bator"]
[Result "1-0"]
[WhiteElo "2495"]
[BlackElo "2457"]
[PlyCount "77"]
[EventDate "2023.07.02"]
[EventType "swiss"]
[EventRounds "9"]
[EventCountry "IVO"]
[Source "ChessMix"]
[SourceDate "2023.07.20"]

1. e4 e5 2. Nf3 Nc6 3. Bb5 a6 4. Ba4 Nf6 5. O-O Be7 6. Re1 b5 7. Bb3 O-O 8. d4
Nxd4 9. Nxd4 exd4 10. e5 Ne8 11. Qxd4 Bb7 12. c4 c5 13. Qg4 bxc4 14. Qxc4 d5
15. exd6 Nxd6 16. Qxc5 Rc8 17. Qh5 Ne4 18. Be3 Bf6 19. Qe2 Be5 20. Na3 Qd6 21.
Qh5 g6 22. Qh3 Qb4 23. Nc2 Qa5 24. Nd4 Rcd8 25. Red1 Rd6 26. Nf3 Bxb2 27. Rxd6
Bxa1 28. Rd7 Qb4 29. Qh4 Bf6 30. Qf4 Bc6 31. Rc7 Bg5 32. Qe5 Bxe3 33. fxe3 Qb6
34. Nd4 Ba4 35. Bxf7+ Rxf7 36. Rc8+ Rf8 37. Qd5+ Kg7 38. Ne6+ Kh6 39. Qxe4 1-0

[Event "Francophonie-ch"]
[Site "Yamoussoukro CIV"]
[Date "2023.07.11"]
[Round "8.1"]
[White "Travadon, Loic"]
[Black "Rodrigue-Lemieux, Shawn"]
[Result "1/2-1/2"]
[WhiteElo "2463"]
[BlackElo "2495"]
[PlyCount "25"]
[EventDate "2023.07.02"]
[EventType "swiss"]
[EventRounds "9"]
[EventCountry "IVO"]
[Source "ChessMix"]
[SourceDate "2023.07.20"]
[TimeControl "5400+30"]

1. e4 {[%emt 0:00:04]} e5 {[%emt 0:00:05]} 2. Nf3 {[%emt 0:00:10]} Nc6 {
[%emt 0:00:06]} 3. Bb5 {[%emt 0:00:05]} a6 {[%emt 0:00:05]} 4. Bxc6 {
[%emt 0:00:06]} dxc6 {[%emt 0:00:06]} 5. O-O {[%emt 0:00:11]} Bg4 {
[%emt 0:00:10]} 6. h3 {[%emt 0:00:09]} h5 {[%emt 0:00:06]} 7. c3 {
[%emt 0:00:05]} Qd3 {[%emt 0:00:06]} 8. hxg4 {[%emt 0:00:06]} hxg4 {
[%emt 0:00:06]} 9. Nxe5 {[%emt 0:00:06]} Bd6 {[%emt 0:00:04]} 10. Nxd3 {
[%emt 0:00:07]} Bh2+ {[%emt 0:00:05]} 11. Kh1 {[%emt 0:00:09]} Be5+ {
[%emt 0:00:03]} 12. Kg1 {[%emt 0:00:07]} Bh2+ {[%emt 0:00:08]} 13. Kh1 {
[%emt 0:00:06]} 1/2-1/2

[Event "Francophonie-ch"]
[Site "Yamoussoukro CIV"]
[Date "2023.07.12"]
[Round "9.1"]
[White "De Gondo, Simplice Armel"]
[Black "Rodrigue-Lemieux, Shawn"]
[Result "0-1"]
[WhiteElo "2035"]
[BlackElo "2495"]
[PlyCount "74"]
[EventDate "2023.07.02"]
[EventType "swiss"]
[EventRounds "9"]
[EventCountry "IVO"]
[Source "ChessMix"]
[SourceDate "2023.07.20"]

1. e4 c6 2. d4 d5 3. Nc3 dxe4 4. Nxe4 Nf6 5. Nxf6+ exf6 6. Be3 Bd6 7. Qd2 O-O
8. Bc4 Nd7 9. Ne2 b5 10. Bd3 Nb6 11. O-O f5 12. b3 Nd5 13. c4 Nxe3 14. fxe3 Qh4
15. g3 Qg5 16. Nf4 bxc4 17. Bxc4 Re8 18. Rac1 Bd7 19. Be2 h5 20. Bf3 Rac8 21.
Rfe1 h4 22. Qg2 hxg3 23. hxg3 Bb4 24. Re2 c5 25. Qh3 cxd4 26. Rxc8 Rxc8 27.
exd4 Bc3 28. d5 Bd4+ 29. Kh2 Bb5 30. Re1 Rc3 31. a4 Bf2 32. axb5 Bxe1 33. Qg2
Rxb3 34. d6 Qh6+ 35. Nh3 Qxd6 36. Ng5 Qh6+ 37. Nh3 Qe3 0-1

[Event "Laval op"]
[Site "Laval CAN"]
[Date "2023.06.23"]
[Round "1.1"]
[White "Jiang, Barron Jiyu"]
[Black "Rodrigue-Lemieux, Shawn"]
[Result "0-1"]
[WhiteElo "2014"]
[BlackElo "2650"]
[PlyCount "98"]
[EventDate "2023.06.23"]
[EventType "swiss"]
[EventRounds "5"]
[EventCountry "CAN"]

1. e4 c6 2. d4 d5 3. exd5 cxd5 4. Bd3 Nc6 5. Nf3 Bg4 6. c3 Qc7 7. h3 Bh5 8.
Nbd2 e6 9. b3 Bd6 10. Bb2 Nge7 11. Rc1 O-O 12. Qc2 Bg6 13. O-O Rac8 14. Bxg6
Nxg6 15. Rfe1 Rfd8 16. Nf1 b5 17. Qd3 Qb8 18. g3 a5 19. h4 e5 20. dxe5 Ngxe5
21. Nxe5 Nxe5 22. Qe2 Re8 23. Ne3 Qb7 24. Nf5 Bc5 25. Nd4 Re7 26. b4 Nc4 27.
Qc2 axb4 28. cxb4 Bxb4 29. Rxe7 Bxe7 30. Nf5 Bf8 31. Qc3 f6 32. h5 Qd7 33. Ne3
Re8 34. Nxc4 bxc4 35. h6 Qf5 36. hxg7 Kxg7 37. Rd1 Bc5 38. Qd2 Kg6 39. Bd4 Bxd4
40. Qxd4 Re2 41. a4 Qf3 42. Qf4 Qxf4 43. gxf4 c3 44. Kf1 Ra2 45. Rc1 d4 46. Ke1
Kf5 47. a5 Kxf4 48. a6 Ke4 49. a7 Rxa7 0-1

[Event "Laval op"]
[Site "Laval CAN"]
[Date "2023.06.24"]
[Round "2.1"]
[White "Rodrigue-Lemieux, Shawn"]
[Black "Saha, Ananda"]
[Result "1-0"]
[WhiteElo "2650"]
[BlackElo "2181"]
[PlyCount "45"]
[EventDate "2023.06.23"]
[EventType "swiss"]
[EventRounds "5"]
[EventCountry "CAN"]

1. d4 e6 2. g3 c5 3. Nf3 cxd4 4. Nxd4 d5 5. Bg2 Nf6 6. O-O e5 7. Nb3 h6 8. c4
d4 9. e3 dxe3 10. Qxd8+ Kxd8 11. Bxe3 Nc6 12. Nc3 Bg4 13. h3 Bh5 14. g4 Bg6 15.
Rfd1+ Kc8 16. Rac1 Be7 17. Bxc6 bxc6 18. Na5 Bb4 19. Nxc6 Bxc3 20. Rxc3 Re8 21.
Nxa7+ Kb7 22. Rb3+ Kc7 23. Nb5+ 1-0

[Event "Laval op"]
[Site "Laval CAN"]
[Date "2023.06.24"]
[Round "3.1"]
[White "Zhong, Kevin"]
[Black "Rodrigue-Lemieux, Shawn"]
[Result "0-1"]
[WhiteElo "2276"]
[BlackElo "2650"]
[PlyCount "104"]
[EventDate "2023.06.23"]
[EventType "swiss"]
[EventRounds "5"]
[EventCountry "CAN"]

1. d4 Nf6 2. c4 e6 3. Nf3 d5 4. Nc3 Bb4 5. cxd5 exd5 6. Bg5 h6 7. Bh4 O-O 8. e3
Bf5 9. Be2 Nbd7 10. Qb3 Bxc3+ 11. Qxc3 c6 12. Nd2 Re8 13. O-O a5 14. Rfe1 Qb6
15. Bd3 Bxd3 16. Qxd3 a4 17. Qc2 Ra5 18. Rac1 Qb4 19. a3 Qb6 20. Nb1 Rb5 21.
Re2 Rb3 22. Nc3 Ne4 23. Nxe4 dxe4 24. Rd2 Qb5 25. Qd1 Qd5 26. Qe2 f6 27. Rdc2
Ra8 28. Rc3 Rxc3 29. Rxc3 Ra5 30. Bg3 Rb5 31. h3 Rb3 32. Rc2 h5 33. Kf1 Rd3 34.
Kg1 g6 35. Kh2 Qa2 36. Bd6 Qb1 37. Rc4 Rd1 38. Kg3 Qd3 39. Rc2 Nb6 40. Bb4 Nd5
41. Rd2 Qxe2 42. Rxe2 g5 43. Bc5 f5 44. Bd6 Kf7 45. Kh2 Ke6 46. Be5 Rc1 47. g4
fxg4 48. hxg4 hxg4 49. Bg7 Ne7 50. Bh6 Kf5 51. Bf8 Ng6 52. Bd6 Nh4 0-1

[Event "Laval op"]
[Site "Laval CAN"]
[Date "2023.06.25"]
[Round "5.1"]
[White "Pomerantz, Daniel"]
[Black "Rodrigue-Lemieux, Shawn"]
[Result "0-1"]
[WhiteElo "2217"]
[BlackElo "2650"]
[PlyCount "156"]
[EventDate "2023.06.23"]
[EventType "swiss"]
[EventRounds "5"]
[EventCountry "CAN"]

1. e4 e5 2. Nf3 Nc6 3. Bb5 a6 4. Ba4 d6 5. Nc3 Bd7 6. Bxc6 bxc6 7. d4 f6 8. h3
g6 9. O-O Bg7 10. Qd3 Nh6 11. dxe5 fxe5 12. Ng5 Qe7 13. Qc4 Bf6 14. h4 Nf7 15.
Qxf7+ Qxf7 16. Nxf7 Kxf7 17. Bg5 Bxg5 18. hxg5 Ke7 19. f3 a5 20. b3 Be6 21. Kf2
Rhf8 22. Rh1 Bg8 23. Rad1 Rad8 24. Rhe1 Rfe8 25. Na4 Kf8 26. c4 Kg7 27. Nc3 Ra8
28. Na4 h6 29. gxh6+ Kxh6 30. Rh1+ Kg7 31. Ke3 Rab8 32. Rc1 Be6 33. Rh2 Rh8 34.
Rhh1 g5 35. Nc3 Kf6 36. Na4 Rbg8 37. Kf2 g4 38. Rxh8 Rxh8 39. Rg1 Kg5 40. Nc3
Rf8 41. Kg3 Rh8 42. Kf2 Ra8 43. Rc1 Kf6 44. Rh1 Kg6 45. Rc1 Rf8 46. Rh1 gxf3
47. gxf3 Bg4 48. Ke3 Rxf3+ 49. Kd2 Rf2+ 50. Ke3 Rf8 51. Rh2 Rf3+ 52. Kd2 Bh3
53. Ne2 Bf1 54. Nc3 Rd3+ 55. Kc2 Rg3 56. Rf2 Bd3+ 57. Kd2 Kg7 58. Rh2 Bf1 59.
Rf2 Bg2 60. Rf5 Bf3 61. Kc2 Bg2 62. Kd2 Bh3 63. Rf2 Be6 64. Ne2 Rh3 65. Nc3 Bf7
66. Rg2+ Bg6 67. Re2 Rh4 68. Ke3 a4 69. Rg2 a3 70. Kd3 Kh6 71. Rf2 Kg7 72. Ke3
Rh3+ 73. Rf3 Rh1 74. Rf2 Bf7 75. Kd2 Rh3 76. Rg2+ Kf6 77. Rf2+ Ke7 78. Nb1 Rxb3
0-1

[Event "Excelsior June GM Norm"]
[Site "Toronto CAN"]
[Date "2023.06.19"]
[Round "1.4"]
[White "Rodrigue-Lemieux, Shawn"]
[Black "Jaferian, Koosha"]
[Result "1-0"]
[WhiteElo "2451"]
[BlackElo "2233"]
[PlyCount "117"]
[EventDate "2023.06.18"]
[EventType "tourn"]
[EventRounds "9"]
[EventCountry "CAN"]

1. d4 d5 2. c4 dxc4 3. Nf3 Nf6 4. e3 a6 5. Bxc4 e6 6. O-O c5 7. b3 Nbd7 8. Bb2
Be7 9. Nbd2 b6 10. Qe2 Bb7 11. Rfd1 O-O 12. a4 cxd4 13. Nxd4 Bc5 14. Rac1 Qe7
15. Nc2 Rfd8 16. e4 e5 17. Ne3 Nxe4 18. Nf5 Qg5 19. Nxe4 Qxf5 20. Nd6 Bxd6 21.
Rxd6 Qg5 22. f4 exf4 23. Bxf7+ Kxf7 24. Rc7 Qxg2+ 25. Qxg2 Bxg2 26. Kxg2 Ke8
27. Ba3 Nc5 28. Rxb6 Rd2+ 29. Kf1 Nd7 30. Re6+ Kd8 31. Rcc6 Nf6 32. Bb4 Rd3 33.
Ke2 Re3+ 34. Rxe3 fxe3 35. Rb6 Kd7 36. a5 Ne8 37. Be1 Nc7 38. Bg3 Ra7 39. b4
Kc8 40. Rc6 Rb7 41. b5 axb5 42. a6 Ra7 43. Bxc7 Rxc7 44. a7 Rxc6 45. a8=Q+ Kd7
46. Qb7+ Rc7 47. Qxb5+ Ke6 48. Qb6+ Kd7 49. Qd4+ Ke8 50. Qe4+ Re7 51. Qxh7 Kd7
52. Qg8 Kc7 53. Qd5 Kc8 54. Qd6 Re8 55. Qc5+ Kd7 56. Qd4+ Ke6 57. Qxg7 Re7 58.
Qg6+ Kd7 59. h4 1-0

[Event "Excelsior June GM Norm"]
[Site "Toronto CAN"]
[Date "2023.06.19"]
[Round "2.3"]
[White "Rozentalis, Eduardas"]
[Black "Rodrigue-Lemieux, Shawn"]
[Result "1/2-1/2"]
[WhiteElo "2504"]
[BlackElo "2451"]
[PlyCount "98"]
[EventDate "2023.06.18"]
[EventType "tourn"]
[EventRounds "9"]
[EventCountry "CAN"]

1. e4 c6 2. Nc3 d5 3. Nf3 dxe4 4. Nxe4 Nf6 5. Qe2 Nxe4 6. Qxe4 Nd7 7. Bc4 Nf6
8. Qe2 Bf5 9. d3 e6 10. h3 h6 11. Bd2 Be7 12. Ne5 Nd5 13. O-O O-O 14. a4 Qc7
15. Bb3 Rad8 16. Kh1 Rfe8 17. f4 Bd6 18. g4 Bh7 19. Qf3 Nxf4 20. Bxf4 Bxe5 21.
Bxe5 Qxe5 22. Qxf7+ Kh8 23. Rae1 Qxb2 24. Rxe6 Rxe6 25. Qxe6 Qa3 26. Qe5 Rf8
27. Rxf8+ Qxf8 28. Kg2 Bg8 29. Bxg8 Kxg8 30. Kg3 Qd8 31. a5 Kf7 32. Qf5+ Ke7
33. Qe5+ Kf7 34. h4 Qe7 35. Qf4+ Qf6 36. Qb8 Kg6 37. Qxa7 Qe5+ 38. Kf3 Qc3 39.
Qxb7 Qxc2 40. Qb4 Qxd3+ 41. Kf4 Kf7 42. Qb7+ Kf8 43. Qxc6 g5+ 44. hxg5 Qd2+ 45.
Kf3 Qd3+ 46. Kg2 Qe2+ 47. Kg3 Qe1+ 48. Kg2 Qe2+ 49. Kh3 Qe3+ 1/2-1/2

[Event "Excelsior June GM Norm"]
[Site "Toronto CAN"]
[Date "2023.06.20"]
[Round "3.2"]
[White "Rodrigue-Lemieux, Shawn"]
[Black "Mendes, Aaron Reeve"]
[Result "1/2-1/2"]
[WhiteElo "2451"]
[BlackElo "2200"]
[PlyCount "144"]
[EventDate "2023.06.18"]
[EventType "tourn"]
[EventRounds "9"]
[EventCountry "CAN"]

1. c4 e5 2. g3 Bc5 3. Bg2 c6 4. Nc3 Nf6 5. Na4 Be7 6. Nf3 e4 7. Nd4 d5 8. d3 c5
9. Nb3 dxc4 10. dxc4 Qxd1+ 11. Kxd1 Na6 12. Bf4 Bf5 13. h3 O-O-O+ 14. Kc1 b6
15. Nc3 Nb4 16. Nd2 Bd6 17. Be3 Rhe8 18. g4 Bg6 19. g5 Nh5 20. Bxe4 Bf4 21.
Bxf4 Nxf4 22. f3 Ne6 23. a3 Na6 24. h4 Bxe4 25. Ncxe4 Nd4 26. Rh2 Re6 27. a4 f5
28. Nc3 Re3 29. a5 Kb7 30. Ra3 Nb4 31. h5 Rd7 32. Rf2 g6 33. hxg6 hxg6 34. Rh2
f4 35. Kd1 bxa5 36. Nce4 Kb6 37. Rh6 Rxe2 38. Rxg6+ Kc7 39. Nxc5 Nbc2 40. Nde4
Ne3+ 41. Rxe3 fxe3 42. Na6+ Kc8 43. Rg8+ Rd8 44. Nd6+ Kd7 45. Nc5+ Ke7 46. Nf5+
Nxf5+ 47. Rxd8 Rxb2 48. Rd5 e2+ 49. Ke1 Ng3 50. Nd3 Rb3 51. Kf2 Kf8 52. Ne1 Nf1
53. Kxe2 Ne3 54. Rxa5 Nxc4 55. Rxa7 Rb2+ 56. Kd3 Ne5+ 57. Ke3 Rb1 58. Ng2 Rb3+
59. Kf4 Nxf3 60. g6 Nd4 61. Nh4 Rb5 62. Rf7+ Kg8 63. Kg4 Nc6 64. Rc7 Ne5+ 65.
Kg5 Nf7+ 66. Kf4 Rb4+ 67. Kg3 Ne5 68. Rc5 Rb3+ 69. Kg2 Rb2+ 70. Kf1 Rf2+ 71.
Kg1 Rf4 72. Ng2 Re4 1/2-1/2

[Event "Excelsior June GM Norm"]
[Site "Toronto CAN"]
[Date "2023.06.21"]
[Round "5.1"]
[White "Rodrigue-Lemieux, Shawn"]
[Black "Nagy, Gabor"]
[Result "1/2-1/2"]
[WhiteElo "2451"]
[BlackElo "2464"]
[PlyCount "42"]
[EventDate "2023.06.18"]
[EventType "tourn"]
[EventRounds "9"]
[EventCountry "CAN"]

1. d4 Nf6 2. c4 e6 3. Nc3 d5 4. Bg5 dxc4 5. e3 c5 6. Bxc4 cxd4 7. exd4 Be7 8.
Nf3 O-O 9. O-O Nc6 10. Re1 a6 11. a3 b5 12. Ba2 Bb7 13. Qd3 b4 14. Na4 bxa3 15.
bxa3 Qa5 16. Bxf6 gxf6 17. Nc3 Rac8 18. Nd5 Rfd8 19. Rab1 Ba8 20. Nf4 Qxa3 21.
Qe2 Kh8 1/2-1/2

[Event "Excelsior June GM Norm"]
[Site "Toronto CAN"]
[Date "2023.06.21"]
[Round "6.3"]
[White "Almeida Quintana, Omar"]
[Black "Rodrigue-Lemieux, Shawn"]
[Result "1/2-1/2"]
[WhiteElo "2526"]
[BlackElo "2451"]
[PlyCount "64"]
[EventDate "2023.06.18"]
[EventType "tourn"]
[EventRounds "9"]
[EventCountry "CAN"]

1. d4 Nf6 2. Bg5 d5 3. Nf3 c5 4. e3 Nc6 5. Nbd2 cxd4 6. exd4 Bf5 7. c3 e6 8.
Qb3 Qc7 9. Bf4 Bd6 10. Bxd6 Qxd6 11. Qxb7 Rb8 12. Qa6 O-O 13. Bb5 Rb6 14. Qa4
Rfb8 15. Bxc6 Rxc6 16. Qxa7 Nd7 17. Qa4 Rxb2 18. O-O Ra6 19. Qd1 Qc7 20. a4
Qxc3 21. Re1 h6 22. Re3 Qc7 23. Rea3 Qa5 24. Rc1 Nb6 25. Rca1 Qb4 26. a5 Nc4
27. Rb3 Rxb3 28. Qxb3 Qxb3 29. Nxb3 Bc2 30. Nfd2 Bxb3 31. Nxb3 Kf8 32. Kf1 Ke7
1/2-1/2

[Event "Excelsior June GM Norm"]
[Site "Toronto CAN"]
[Date "2023.06.22"]
[Round "7.2"]
[White "Rodrigue-Lemieux, Shawn"]
[Black "Wang, Tianqi"]
[Result "1-0"]
[WhiteElo "2451"]
[BlackElo "2359"]
[PlyCount "87"]
[EventDate "2023.06.18"]
[EventType "tourn"]
[EventRounds "9"]
[EventCountry "CAN"]

1. e4 c5 2. Nf3 Nc6 3. Bb5 g6 4. O-O Bg7 5. c3 e5 6. d4 cxd4 7. cxd4 exd4 8.
Bf4 Nge7 9. Bd6 O-O 10. Re1 a6 11. Bd3 b6 12. Nbd2 Bb7 13. Qb3 Na5 14. Qa3 Re8
15. h4 Nc8 16. Bf4 d6 17. h5 Nc6 18. Rad1 b5 19. Bb1 Be5 20. Bh6 Nb6 21. Qd3
Bf6 22. Nh2 Ne5 23. Qb3 Bc8 24. Ndf3 Be6 25. Qb4 Nxf3+ 26. Nxf3 Bg4 27. hxg6
hxg6 28. Rd3 Bxf3 29. Rxf3 Nc4 30. b3 Ne5 31. Rh3 Rc8 32. Bc1 Bg7 33. Qd2 Qd7
34. Rg3 Nc6 35. f4 Qa7 36. Bd3 Ne7 37. Bb2 Rc3 38. Qf2 Qc5 39. f5 Qe5 40. Rf1
gxf5 41. exf5 Nd5 42. Bxc3 dxc3 43. f6 Nxf6 44. Qxf6 1-0

[Event "Excelsior June GM Norm"]
[Site "Toronto CAN"]
[Date "2023.06.23"]
[Round "9.1"]
[White "Sambuev, Bator"]
[Black "Rodrigue-Lemieux, Shawn"]
[Result "1/2-1/2"]
[WhiteElo "2433"]
[BlackElo "2451"]
[PlyCount "65"]
[EventDate "2023.06.18"]
[EventType "tourn"]
[EventRounds "9"]
[EventCountry "CAN"]

1. d4 Nf6 2. c4 e6 3. Nc3 Bb4 4. e3 O-O 5. Bd2 d5 6. a3 Be7 7. Nf3 b6 8. cxd5
exd5 9. Bb5 c6 10. Ba4 Bd6 11. O-O Bf5 12. Rc1 Re8 13. Na2 b5 14. Bc2 Ne4 15.
Bb4 Bc7 16. Ne5 a5 17. f3 axb4 18. fxe4 Bxe5 19. Rxf5 bxa3 20. b4 Bd6 21. Qg4
Ra7 22. Rcf1 Na6 23. e5 Nxb4 24. Rxf7 Rxf7 25. Bxh7+ Kf8 26. Rxf7+ Kxf7 27.
Bg6+ Ke7 28. Bxe8 Kxe8 29. Qg6+ Kf8 30. exd6 Nxa2 31. Qf5+ Kg8 32. Qe6+ Kf8 33.
Qf5+ 1/2-1/2

[Event "Montreal CC-ch"]
[Site "Montreal CAN"]
[Date "2023.06.16"]
[Round "1.1"]
[White "Chaudari, Prabhas"]
[Black "Rodrigue-Lemieux, Shawn"]
[Result "0-1"]
[WhiteElo "2582"]
[BlackElo "1523"]
[PlyCount "86"]
[EventDate "2023.06.16"]
[EventType "swiss"]
[EventRounds "5"]
[EventCountry "CAN"]

1. e4 c5 2. d4 cxd4 3. c3 Nf6 4. e5 Nd5 5. Qxd4 e6 6. Nf3 Nc6 7. Qe4 f5 8. Qa4
Qc7 9. Be2 Nxe5 10. O-O Be7 11. Re1 O-O 12. Nbd2 Nc6 13. Nb3 a6 14. Nbd4 b5 15.
Qc2 Bf6 16. Qd1 Bb7 17. Bf1 Nxd4 18. Nxd4 Qb6 19. Nf3 Rac8 20. Bg5 Bxg5 21.
Nxg5 Nf6 22. Nf3 Bxf3 23. Qxf3 a5 24. Rad1 d5 25. Qe2 Ne4 26. Rd4 b4 27. Qb5
Qxb5 28. Bxb5 bxc3 29. bxc3 Rxc3 30. a4 Kf7 31. f3 Nc5 32. Kf2 Rc8 33. Re2 Nb3
34. Rh4 Nc1 35. Bd7 Nxe2 36. Bxc8 Rxc8 37. Kxe2 Rc2+ 38. Kf1 h6 39. Rd4 Rc4 40.
Rxc4 dxc4 41. Ke2 e5 42. g3 e4 43. fxe4 fxe4 0-1

[Event "Montreal CC-ch"]
[Site "Montreal CAN"]
[Date "2023.06.17"]
[Round "2.1"]
[White "Rodrigue-Lemieux, Shawn"]
[Black "Kozlov, Guennadi"]
[Result "1-0"]
[WhiteElo "2582"]
[BlackElo "1739"]
[PlyCount "81"]
[EventDate "2023.06.16"]
[EventType "swiss"]
[EventRounds "5"]
[EventCountry "CAN"]

1. e4 e6 2. d4 d5 3. Nd2 c5 4. exd5 Qxd5 5. Ngf3 Nc6 6. dxc5 Bxc5 7. g3 Nf6 8.
Bc4 Qd8 9. Qe2 O-O 10. Nb3 Bb6 11. Bd2 e5 12. Ng5 Bg4 13. f3 Bh5 14. O-O-O Qc7
15. g4 Bg6 16. Ne4 Nxe4 17. fxe4 Nd4 18. Nxd4 exd4 19. Bd3 Ba5 20. h4 Bxd2+ 21.
Rxd2 f6 22. Bc4+ Bf7 23. Rxd4 Rac8 24. Bd5 Rfe8 25. Qd2 Bxd5 26. exd5 Qd6 27.
g5 Qa6 28. Rd3 Qxa2 29. Ra3 Qc4 30. b3 Qc5 31. Ra5 Qb6 32. d6 Red8 33. Qd5+ Kf8
34. gxf6 Rxd6 35. fxg7+ Kxg7 36. Qe5+ Rf6 37. Rb5 Qc6 38. Rg1+ Kf8 39. Rc5 Qxc5
40. Qxf6+ Ke8 41. Qe6+ 1-0

[Event "Montreal CC-ch"]
[Site "Montreal CAN"]
[Date "2023.06.17"]
[Round "3.1"]
[White "Singher, Jean-Pierre"]
[Black "Rodrigue-Lemieux, Shawn"]
[Result "0-1"]
[WhiteElo "2041"]
[BlackElo "2582"]
[PlyCount "94"]
[EventDate "2023.06.16"]
[EventType "swiss"]
[EventRounds "5"]
[EventCountry "CAN"]

1. d4 Nf6 2. Bf4 d5 3. Nf3 c5 4. e3 Nc6 5. Nbd2 cxd4 6. exd4 Bf5 7. c3 e6 8. a4
Bd6 9. Bg3 Bxg3 10. hxg3 Qd6 11. Bb5 O-O 12. O-O a6 13. Bxc6 bxc6 14. Ne5 c5
15. g4 cxd4 16. cxd4 Bg6 17. g5 Nd7 18. Nxg6 hxg6 19. Nf3 Rab8 20. Qe2 Rb4 21.
Rfc1 a5 22. g3 Nb6 23. Kg2 Nc4 24. Rab1 Rfb8 25. Ne5 Nxe5 26. dxe5 Qb6 27. Qc2
Rc4 28. Qd1 Qc7 29. Rxc4 Qxc4 30. Rc1 Qe4+ 31. Qf3 Qxe5 32. Qf4 Qxf4 33. gxf4
Rxb2 34. Rc8+ Kh7 35. Rc5 Rb4 36. Rxa5 Rxf4 37. Kg3 Rf5 38. f4 e5 39. fxe5
Rxg5+ 40. Kf4 Rf5+ 41. Ke3 Rxe5+ 42. Kd4 Re4+ 43. Kxd5 f5 44. Ra8 g5 45. a5 g4
46. Rc8 Ra4 47. Rc5 g3 0-1

[Event "Montreal CC-ch"]
[Site "Montreal CAN"]
[Date "2023.06.18"]
[Round "4.1"]
[White "Rodrigue-Lemieux, Shawn"]
[Black "Mok, Yuen Tak"]
[Result "1-0"]
[WhiteElo "2582"]
[BlackElo "2075"]
[PlyCount "45"]
[EventDate "2023.06.16"]
[EventType "swiss"]
[EventRounds "5"]
[EventCountry "CAN"]

1. e4 c6 2. Nf3 d5 3. d3 dxe4 4. dxe4 Qxd1+ 5. Kxd1 Nf6 6. Nbd2 g6 7. Ne5 Nbd7
8. Nd3 Ng4 9. a4 Bg7 10. h3 Nge5 11. Ne1 c5 12. c3 O-O 13. Kc2 Rb8 14. Bb5 a6
15. Bxd7 Bxd7 16. f4 Nc6 17. a5 Rfc8 18. Nc4 e5 19. Nb6 Rc7 20. Be3 Ne7 21.
Bxc5 Bc6 22. Bd6 Bxe4+ 23. Kc1 1-0

[Event "Montreal CC-ch"]
[Site "Montreal CAN"]
[Date "2023.06.18"]
[Round "5.1"]
[White "Chapdelaine, Gwyn"]
[Black "Rodrigue-Lemieux, Shawn"]
[Result "0-1"]
[WhiteElo "2110"]
[BlackElo "2582"]
[PlyCount "58"]
[EventDate "2023.06.16"]
[EventType "swiss"]
[EventRounds "5"]
[EventCountry "CAN"]

1. e4 c6 2. d4 d5 3. f3 e6 4. Be3 Qb6 5. b3 c5 6. c4 cxd4 7. Qxd4 Qxd4 8. Bxd4
Nc6 9. Bb2 d4 10. a3 a5 11. Bd3 Nf6 12. Ne2 e5 13. Rf1 Nd7 14. Kd1 Nc5 15. Kc2
a4 16. b4 Nb3 17. Nd2 Nxa1+ 18. Bxa1 Bxb4 19. Bb2 Be6 20. f4 f6 21. fxe5 fxe5
22. Nf3 Bd6 23. Ng5 Bg8 24. Ng3 g6 25. Bc1 Rc8 26. Nf3 Na5 27. Bh6 Bxc4 28. Ne2
Ba6+ 29. Kd2 Nb3+ 0-1